[Event "TUR-chT 1st League"]
[Site "Konya"]
[Date "2017.07.22"]
[Round "8.11"]
[White "Demir, Mustafa"]
[Black "Gumustas, Ilgaz"]
[Result "1-0"]
[WhiteElo "1816"]
[BlackElo "1755"]
[PlyCount "127"]
[EventDate "2017.07.17"]
[EventType "team-swiss"]
[EventRounds "9"]
[EventCountry "TUR"]
[SourceTitle "CBM 179 Extra"]
[Source "ChessBase"]
[SourceDate "2017.08.23"]
[SourceVersion "1"]
[SourceVersionDate "2017.08.23"]
[SourceQuality "1"]
[WhiteTeam "Antalya Olbia"]
[BlackTeam "Manisa Salihli Sardes"]
[WhiteTeamCountry "TUR"]
[BlackTeamCountry "TUR"]

1. e4 g6 2. d4 Bg7 3. Nc3 d6 4. f4 Nf6 5. Nf3 0-0 6. e5 Ne8 7. Be3 c6 8. Bd3 Nc7 9. 0-0 dxe5 10. dxe5 Nd5 11. Nxd5 cxd5 12. Qe1 Nc6 13. c3 Bg4 14. Qh4 Bxf3 15. Rxf3 e6 16. Qf2 f5 17. exf6 Qxf6 18. Bd2 e5 19. fxe5 Qxe5 20. Re1 Rxf3 21. Qxf3 Qd6 22. Bf4 Be5 23. Bxe5 Nxe5 24. Qe3 Nxd3 25. Qxd3 Qc5+ 26. Qe3 Rc8 27. Qxc5 Rxc5 28. Rd1 Kf7 29. Kf2 Ke6 30. Ke3 Rc4 31. Kd3 Rf4 32. Rd2 g5 33. Re2+ Kd6 34. g3 Rf1 35. Kc2 Rh1 36. Rf2 Ke6 37. Kb3 h5 38. Kb4 Ke5 39. Re2+ Kd6 40. Rf2 Ke5 41. b3 d4 42. cxd4+ Kxd4 43. a4 Ke3 44. Rf5 Rxh2 45. Rxg5 Kd4 46. Rg7 Rh3 47. Rd7+ Ke5 48. Rxb7 Rxg3 49. Rxa7 Kd6 50. Rh7 Rg5 51. a5 Kc6 52. Ka4 Rg4+ 53. b4 h4 54. Rh8 Kb7 55. Rh5 Kc6 56. Rh7 Rf4 57. a6 Kb6 58. Rh6+ Ka7 59. Ka5 Rf5+ 60. b5 Rf4 61. Rh7+ Kb8 62. a7+ Ka8 63. b6 Rf8 64. Ka6 1-0

[Event "TUR-chT2"]
[Site "Konya"]
[Date "2016.07.19"]
[Round "4.10"]
[White "Doner, Mustafa"]
[Black "Gumustas, Ilgaz"]
[Result "1-0"]
[WhiteElo "1827"]
[BlackElo "1797"]
[PlyCount "105"]
[EventDate "2016.07.17"]
[EventType "team-swiss"]
[EventRounds "9"]
[EventCountry "TUR"]
[SourceTitle "CBM 173 Extra"]
[Source "ChessBase"]
[SourceDate "2016.08.29"]
[SourceVersion "1"]
[SourceVersionDate "2016.08.29"]
[SourceQuality "1"]
[WhiteTeam "Gaziantep Sader"]
[BlackTeam "Manisa Salihli Sardes"]
[WhiteTeamCountry "TUR"]
[BlackTeamCountry "TUR"]

1. d4 g6 2. c4 Bg7 3. Nc3 Nf6 4. g3 0-0 5. Bg2 d6 6. Nf3 c6 7. 0-0 Nbd7 8. e4 e5 9. Rb1 a5 10. h3 exd4 11. Nxd4 Nc5 12. Re1 Re8 13. Bf4 Qc7 14. Nb3 Nxb3 15. Bxd6 Qd8 16. axb3 Bf8 17. Bxf8 Kxf8 18. Qc2 Qc7 19. Na4 b6 20. Qc3 Ng8 21. c5 b5 22. Nb6 Ra7 23. Nxc8 Qxc8 24. Rbd1 Rd8 25. Rd6 b4 26. Qd4 Rxd6 27. cxd6 Qd7 28. e5 Ra8 29. Rc1 Rc8 30. Rc5 Nh6 31. Rxa5 Nf5 32. Qb6 Nxd6 33. Qc5 Kg8 34. Qxd6 Qf5 35. Ra7 Qb1+ 36. Kh2 Qe1 37. Rxf7 Re8 38. Qd7 Qxe5 39. Rg7+ Qxg7 40. Qxe8+ Qf8 41. Qxf8+ Kxf8 42. Bxc6 Ke7 43. f4 Kd6 44. Bb5 Kd5 45. Bc4+ Ke4 46. h4 h5 47. Kg2 Kf5 48. Kf3 Kf6 49. Ke4 Kg7 50. Ke5 Kh7 51. Kd4 Kg7 52. Kc5 Kf6 53. Bd3 1-0

[Event "TUR-chT2"]
[Site "Konya"]
[Date "2016.07.18"]
[Round "2.8"]
[White "Karamahmutoglu, Eser"]
[Black "Gumustas, Ilgaz"]
[Result "1-0"]
[WhiteElo "2005"]
[BlackElo "1797"]
[PlyCount "70"]
[EventDate "2016.07.17"]
[EventType "team-swiss"]
[EventRounds "9"]
[EventCountry "TUR"]
[SourceTitle "CBM 173 Extra"]
[Source "ChessBase"]
[SourceDate "2016.08.29"]
[SourceVersion "1"]
[SourceVersionDate "2016.08.29"]
[SourceQuality "1"]
[WhiteTeam "Ordu Azdur"]
[BlackTeam "Manisa Salihli Sardes"]
[WhiteTeamCountry "TUR"]
[BlackTeamCountry "TUR"]

1. e4 d6 2. d4 Nf6 3. Nc3 g6 4. Bc4 Bg7 5. Nf3 0-0 6. Bb3 c6 7. Bg5 b5 8. a3 h6 9. Bf4 Nh5 10. Be3 a5 11. Qd2 Kh7 12. h3 f5 13. exf5 gxf5 14. g4 fxg4 15. Nh4 d5 16. hxg4 Nf6 17. Bxh6 Bxh6 18. Nf5 Kg6 19. Qxh6+ Kf7 20. Qg7+ Ke8 21. g5 Bxf5 22. gxf6 Kd7 23. 0-0-0 Rxf6 24. Rh8 Qc7 25. Re1 Re6 26. Rxe6 Bxe6 27. Qf8 a4 28. Ba2 b4 29. axb4 a3 30. bxa3 Rxa3 31. Kb2 Ra8 32. Bb3 Qb6 33. Qc8+ Kd6 34. Ne4+ dxe4 35. Qxe6+ Kc7 1-0

[Event "Klatovy op 22nd"]
[Site "Klatovy"]
[Date "2016.07.10"]
[Round "9"]
[White "Gumustas, Ilgaz"]
[Black "Kovar, Petr"]
[Result "1/2-1/2"]
[WhiteElo "1797"]
[BlackElo "1915"]
[PlyCount "39"]
[EventDate "2016.07.02"]
[EventType "swiss"]
[EventRounds "9"]
[EventCountry "CZE"]
[SourceTitle "CBM 173 Extra"]
[Source "ChessBase"]
[SourceDate "2016.08.29"]
[SourceVersion "1"]
[SourceVersionDate "2016.08.29"]
[SourceQuality "1"]

1. e4 c5 2. Nf3 d6 3. Bb5+ Bd7 4. Bxd7+ Qxd7 5. 0-0 Nf6 6. Re1 Nc6 7. c4 g6 8. d4 cxd4 9. Nxd4 Bg7 10. Nc3 0-0 11. f3 Rfc8 12. Nde2 Ne5 13. b3 Qd8 14. Be3 Nfd7 15. f4 Ng4 16. Qd2 Nxe3 17. Qxe3 Qb6 18. Kf2 a5 19. Rac1 Qxe3+ 20. Kxe3 1/2-1/2

[Event "Klatovy op 22nd"]
[Site "Klatovy"]
[Date "2016.07.06"]
[Round "5"]
[White "Gumustas, Ilgaz"]
[Black "Kantor, Jozef"]
[Result "1-0"]
[WhiteElo "1797"]
[BlackElo "1880"]
[PlyCount "99"]
[EventDate "2016.07.02"]
[EventType "swiss"]
[EventRounds "9"]
[EventCountry "CZE"]
[SourceTitle "CBM 173 Extra"]
[Source "ChessBase"]
[SourceDate "2016.08.29"]
[SourceVersion "1"]
[SourceVersionDate "2016.08.29"]
[SourceQuality "1"]

1. e4 g6 2. d4 Nf6 3. Nc3 d6 4. h3 Bg7 5. Nf3 0-0 6. Be2 c6 7. a4 Qc7 8. 0-0 e5 9. Be3 Re8 10. dxe5 dxe5 11. a5 Nbd7 12. Qd3 Nf8 13. Rfd1 Nh5 14. Qd6 Qe7 15. a6 Nf4 16. Bf1 N8e6 17. Qxe7 Rxe7 18. axb7 Rxb7 19. b3 a5 20. Ra2 Rd7 21. Rda1 Nd4 22. Rxa5 Nxf3+ 23. gxf3 Rb8 24. Ra8 Rdb7 25. Rxb8 Rxb8 26. Kh2 h5 27. Ra7 Be6 28. Rc7 Rc8 29. Rxc8+ Bxc8 30. h4 Bf6 31. Kg3 Be7 32. Bc4 g5 33. hxg5 Bxg5 34. Ne2 h4+ 35. Kh2 Kg7 36. Bxf4 Bxf4+ 37. Nxf4 exf4 38. Bf1 Kf6 39. Bh3 Ba6 40. Bd7 Be2 41. Bxc6 Ke5 42. Kh3 Bxf3 43. Kxh4 Bd1 44. b4 Bxc2 45. b5 Kd6 46. Kg5 Ke5 47. b6 Kd6 48. Bd5 Ba4 49. b7 Kc7 50. Kxf4 1-0

[Event "Klatovy op 22nd"]
[Site "Klatovy"]
[Date "2016.07.03"]
[Round "2"]
[White "Richter, Martin1111"]
[Black "Gumustas, Ilgaz"]
[Result "0-1"]
[WhiteElo "1966"]
[BlackElo "1797"]
[PlyCount "54"]
[EventDate "2016.07.02"]
[EventType "swiss"]
[EventRounds "9"]
[EventCountry "CZE"]
[SourceTitle "CBM 173 Extra"]
[Source "ChessBase"]
[SourceDate "2016.08.29"]
[SourceVersion "1"]
[SourceVersionDate "2016.08.29"]
[SourceQuality "1"]

1. e4 d6 2. d4 Nf6 3. Nc3 g6 4. Be2 Bg7 5. h4 h5 6. Nf3 c6 7. a4 Bg4 8. Ng5 Bxe2 9. Qxe2 e5 10. Be3 Nbd7 11. 0-0-0 Qa5 12. dxe5 dxe5 13. Qc4 0-0 14. Rd3 Bh6 15. Rhd1 Nb6 16. Qb3 Ng4 17. Kb1 Nxe3 18. Rxe3 Bxg5 19. hxg5 Rad8 20. Rh1 Rd4 21. Na2 Nc4 22. Qc3 Qxc3 23. Nxc3 Nxe3 24. fxe3 Rd2 25. Rg1 f6 26. g4 h4 27. Rh1 fxg5 0-1

[Event "TUR-chT2"]
[Site "Konya"]
[Date "2015.07.30"]
[Round "8.6"]
[White "Gumustas, Ilgaz"]
[Black "Molla, Ersen"]
[Result "1/2-1/2"]
[WhiteElo "1822"]
[BlackElo "1933"]
[PlyCount "60"]
[EventDate "2015.07.25"]
[EventType "team-swiss"]
[EventRounds "9"]
[EventCountry "TUR"]
[SourceTitle "EXT 2017"]
[Source "ChessBase"]
[SourceDate "2016.10.25"]
[SourceVersion "1"]
[SourceVersionDate "2016.10.25"]
[SourceQuality "1"]
[WhiteTeam "Manisa Salihli Sardes"]
[BlackTeam "Izmir Karsiyaka"]
[WhiteTeamCountry "TUR"]
[BlackTeamCountry "TUR"]

1. e4 c5 2. Nf3 e6 3. d3 Nc6 4. g3 Nf6 5. Bg2 Be7 6. 0-0 0-0 7. Re1 d6 8. Nbd2 Bd7 9. Nf1 Qc7 10. h4 Rfe8 11. N1h2 e5 12. c4 a6 13. a4 Rab8 14. Bg5 b5 15. axb5 axb5 16. b3 h6 17. Bxf6 Bxf6 18. Nf1 Nd4 19. Ne3 Qb7 20. Nxd4 cxd4 21. Nd5 Bd8 22. Kh2 Bc6 23. Nb4 Re7 24. Qe2 bxc4 25. Nxc6 Qxc6 26. bxc4 Reb7 27. Kg1 Ba5 28. Bf1 Bc3 29. Rac1 Rb3 30. Red1 Qa4 1/2-1/2

[Event "TUR-chT2"]
[Site "Konya"]
[Date "2015.07.26"]
[Round "3.4"]
[White "Gumustas, Ilgaz"]
[Black "Ozmen, Halil Nejat"]
[Result "1/2-1/2"]
[WhiteElo "1822"]
[BlackElo "1887"]
[PlyCount "58"]
[EventDate "2015.07.25"]
[EventType "team-swiss"]
[EventRounds "9"]
[EventCountry "TUR"]
[SourceTitle "CBM 167 Extra"]
[Source "ChessBase"]
[SourceDate "2015.09.14"]
[SourceVersion "1"]
[SourceVersionDate "2015.09.14"]
[SourceQuality "1"]
[WhiteTeam "Manisa Salihli Sardes"]
[BlackTeam "Antalya Deniz Genclik"]
[WhiteTeamCountry "TUR"]
[BlackTeamCountry "TUR"]

1. e4 c6 2. d4 d5 3. Nc3 dxe4 4. Nxe4 Bf5 5. Ng3 Bg6 6. Nf3 Nd7 7. Bd3 Bxd3 8. Qxd3 e6 9. 0-0 Ngf6 10. Re1 Be7 11. c4 0-0 12. b3 a5 13. a3 c5 14. Bb2 cxd4 15. Nxd4 Qb6 16. Nb5 Rfd8 17. Qc3 Nc5 18. Rad1 Rxd1 19. Rxd1 Rd8 20. Rd4 Ne8 21. Nh5 e5 22. Rxd8 Qxd8 23. Qc2 Qd3 24. Qxd3 Nxd3 25. Bc3 b6 26. Kf1 g6 27. Ng3 f5 28. Bd2 Kf7 29. Ne2 Nd6 1/2-1/2

[Event "TUR-chT2"]
[Site "Konya"]
[Date "2014.06.29"]
[Round "9.5"]
[White "Gumustas, Ilgaz"]
[Black "Karacan, Canberk"]
[Result "1/2-1/2"]
[WhiteElo "1841"]
[BlackElo "1773"]
[PlyCount "21"]
[EventDate "2014.06.23"]
[EventType "team-swiss"]
[EventRounds "9"]
[EventCountry "TUR"]
[SourceTitle "CBM 161 Extra"]
[Source "ChessBase"]
[SourceDate "2014.08.29"]
[SourceVersion "1"]
[SourceVersionDate "2014.08.29"]
[SourceQuality "1"]
[WhiteTeam "Salihli Sardes"]
[BlackTeam "Karaman Saglik"]
[WhiteTeamCountry "TUR"]
[BlackTeamCountry "TUR"]

1. e4 c5 2. Nf3 d6 3. Bb5+ Nc6 4. 0-0 Bd7 5. c3 Nf6 6. Re1 a6 7. Ba4 b5 8. Bc2 Bg4 9. d3 g6 10. h3 Bxf3 11. Qxf3 1/2-1/2

[Event "TUR-chT2"]
[Site "Konya"]
[Date "2014.06.27"]
[Round "7.5"]
[White "Gumustas, Ilgaz"]
[Black "Ozoglu, Berker"]
[Result "1-0"]
[WhiteElo "1841"]
[BlackElo "1979"]
[PlyCount "95"]
[EventDate "2014.06.23"]
[EventType "team-swiss"]
[EventRounds "9"]
[EventCountry "TUR"]
[SourceTitle "CBM 161 Extra"]
[Source "ChessBase"]
[SourceDate "2014.08.29"]
[SourceVersion "1"]
[SourceVersionDate "2014.08.29"]
[SourceQuality "1"]
[WhiteTeam "Salihli Sardes"]
[BlackTeam "Gokce"]
[WhiteTeamCountry "TUR"]
[BlackTeamCountry "TUR"]

1. e4 c5 2. Nf3 e6 3. d3 Nc6 4. g3 d5 5. Nbd2 g6 6. Bg2 Bg7 7. 0-0 Nge7 8. Re1 0-0 9. c3 b5 10. Nf1 b4 11. e5 Qc7 12. Bf4 a5 13. h4 Ba6 14. h5 a4 15. a3 bxa3 16. bxa3 Na5 17. N1h2 Rfb8 18. Ng4 Rb2 19. Nf6+ Kh8 20. Ng5 Nf5 21. Bxd5 Rd8 22. Be4 h6 23. hxg6 hxg5 24. Qh5+ Bh6 25. Bxf5 Kg7 26. Bxg5 Bxg5 27. Qh7+ Kf8 28. g7+ Ke7 29. g8Q Rxg8 30. Qxg8 Bxf6 31. exf6+ Kxf6 32. f4 Ke7 33. Bxe6 Kd6 34. Bxf7 Kc6 35. Qe8+ Kb6 36. Bd5 Nb7 37. Re6+ Ka7 38. Rae1 Bb5 39. Re7 Qb6 40. Qc8 Ba6 41. Bxb7 c4+ 42. d4 Bxb7 43. Qxb7+ Qxb7 44. Rxb7+ Kxb7 45. f5 Kc7 46. f6 Rb6 47. Rf1 Rb8 48. f7 1-0

[Event "TUR-chT2"]
[Site "Konya"]
[Date "2014.06.26"]
[Round "5.8"]
[White "Gumustas, Ilgaz"]
[Black "Alaca, Ali"]
[Result "1-0"]
[WhiteElo "1841"]
[BlackElo "1959"]
[PlyCount "77"]
[EventDate "2014.06.23"]
[EventType "team-swiss"]
[EventRounds "9"]
[EventCountry "TUR"]
[SourceTitle "CBM 161 Extra"]
[Source "ChessBase"]
[SourceDate "2014.08.29"]
[SourceVersion "1"]
[SourceVersionDate "2014.08.29"]
[SourceQuality "1"]
[WhiteTeam "Salihli Sardes"]
[BlackTeam "Ataturk Univ"]
[WhiteTeamCountry "TUR"]
[BlackTeamCountry "TUR"]

1. e4 c5 2. Nf3 e6 3. d3 Nc6 4. g3 Be7 5. Bg2 Nf6 6. 0-0 d6 7. Re1 Qc7 8. c3 Bd7 9. a3 0-0 10. b4 b5 11. d4 cxd4 12. cxd4 d5 13. Bf4 Qb6 14. Nc3 dxe4 15. Nxe4 Nxe4 16. Rxe4 Rfd8 17. Rc1 Be8 18. Be3 Qa6 19. Qb3 Rac8 20. Bf1 Qb7 21. Bd3 a5 22. Bd2 axb4 23. axb4 Ra8 24. Ree1 Nxd4 25. Nxd4 Rxd4 26. Qc2 Rad8 27. Bxh7+ Kh8 28. Be4 Rxe4 29. Rxe4 Rxd2 30. Qxd2 Qxe4 31. Rc8 Bxb4 32. Rxe8+ Kh7 33. Qg5 Qb1+ 34. Kg2 Qe4+ 35. Kh3 Qe2 36. Qh4+ Kg6 37. Qxb4 Qf1+ 38. Kh4 Qd1 39. Qg4+ 1-0

[Event "TUR-chT2"]
[Site "Konya"]
[Date "2014.06.24"]
[Round "2.8"]
[White "Erdogan, Anil Berk"]
[Black "Gumustas, Ilgaz"]
[Result "0-1"]
[WhiteElo "1791"]
[BlackElo "1841"]
[PlyCount "80"]
[EventDate "2014.06.23"]
[EventType "team-swiss"]
[EventRounds "9"]
[EventCountry "TUR"]
[SourceTitle "CBM 161 Extra"]
[Source "ChessBase"]
[SourceDate "2014.08.29"]
[SourceVersion "1"]
[SourceVersionDate "2014.08.29"]
[SourceQuality "1"]
[WhiteTeam "Bursa"]
[BlackTeam "Salihli Sardes"]
[WhiteTeamCountry "TUR"]
[BlackTeamCountry "TUR"]

1. e4 d6 2. d4 Nf6 3. Nc3 g6 4. Be3 Bg7 5. Qd2 c6 6. a4 Qa5 7. h3 Nbd7 8. Nf3 0-0 9. Bd3 e5 10. 0-0 Re8 11. Rfe1 Nf8 12. b4 Qc7 13. Rad1 a5 14. b5 Nh5 15. Bc4 Bf6 16. b6 Qe7 17. d5 Rd8 18. Rb1 Nf4 19. Bxf4 exf4 20. dxc6 bxc6 21. Ne2 g5 22. Ned4 Bd7 23. b7 Rab8 24. Qxa5 Ng6 25. Qc7 h5 26. Nxc6 Bxc6 27. Qxc6 g4 28. hxg4 hxg4 29. Nh2 Ne5 30. Qd5 g3 31. fxg3 fxg3 32. Nf3 Nxc4 33. Qxc4 Rxb7 34. Rb5 Rxb5 35. axb5 Qa7+ 36. Kh1 Kg7 37. Ng1 Rh8+ 38. Nh3 Rxh3+ 39. gxh3 Qf2 40. Qe2 g2+ 0-1

[Event "TUR-chT2"]
[Site "Konya"]
[Date "2014.06.24"]
[Round "3.8"]
[White "Gumustas, Ilgaz"]
[Black "Sen, Sezgin"]
[Result "0-1"]
[WhiteElo "1841"]
[BlackElo "1832"]
[PlyCount "43"]
[EventDate "2014.06.23"]
[EventType "team-swiss"]
[EventRounds "9"]
[EventCountry "TUR"]
[SourceTitle "CBM 161 Extra"]
[Source "ChessBase"]
[SourceDate "2014.08.29"]
[SourceVersion "1"]
[SourceVersionDate "2014.08.29"]
[SourceQuality "1"]
[WhiteTeam "Salihli Sardes"]
[BlackTeam "Karsiyaka Ihtisas"]
[WhiteTeamCountry "TUR"]
[BlackTeamCountry "TUR"]

1. e4 e5 2. Nf3 Nc6 3. Bb5 a6 4. Ba4 f5 5. d3 Bc5 6. 0-0 Nf6 7. Nbd2 d6 8. c3 fxe4 9. dxe4 0-0 10. Bb3+ Kh8 11. h3 Ne7 12. Ng5 Qe8 13. Be6 Ng6 14. Qb3 Nf4 15. Bxc8 Rxc8 16. Ndf3 Ne2+ 17. Kh2 Qh5 18. Qd1 Ng4+ 19. Kh1 Nxc1 20. Kg1 Nxf2 21. Rxf2 Bxf2+ 22. Kxf2 0-1

[Event "TUR-chT2"]
[Site "Konya"]
[Date "2014.06.23"]
[Round "1.3"]
[White "Gumustas, Ilgaz"]
[Black "Ersahin, Bulent"]
[Result "0-1"]
[WhiteElo "1841"]
[BlackElo "2196"]
[PlyCount "104"]
[EventDate "2014.06.23"]
[EventType "team-swiss"]
[EventRounds "9"]
[EventCountry "TUR"]
[SourceTitle "CBM 161 Extra"]
[Source "ChessBase"]
[SourceDate "2014.08.29"]
[SourceVersion "1"]
[SourceVersionDate "2014.08.29"]
[SourceQuality "1"]
[WhiteTeam "Salihli Sardes"]
[BlackTeam "Kocaeli"]
[WhiteTeamCountry "TUR"]
[BlackTeamCountry "TUR"]

1. e4 c5 2. Nf3 Nc6 3. Bb5 e6 4. Bxc6 bxc6 5. d3 Ne7 6. Qe2 d6 7. Na3 e5 8. h3 Ng6 9. Nc4 Be7 10. Be3 Be6 11. g3 Rb8 12. b3 0-0 13. h4 Bg4 14. Ncd2 f5 15. Bg5 Bxg5 16. hxg5 d5 17. Kf1 Qd7 18. Kg2 fxe4 19. dxe4 Rxf3 20. Nxf3 Rf8 21. Qe3 Bxf3+ 22. Kh2 Qg4 23. Kg1 Bxh1 24. Kxh1 Qf3+ 25. Qxf3 Rxf3 26. Kg2 Rc3 27. Rc1 Kf7 28. Kf1 Nf8 29. f4 Rxg3 30. fxe5 Rxg5 31. exd5 cxd5 32. Ke2 Rxe5+ 33. Kd2 Rf5 34. a3 a5 35. c4 d4 36. b4 axb4 37. axb4 cxb4 38. c5 Ne6 39. c6 Nc7 40. Kd3 Ke6 41. Kxd4 Kd6 42. Rc2 h5 43. Rb2 Kxc6 44. Ke4 Rg5 45. Rc2+ Rc5 46. Rb2 Kb5 47. Kd4 g5 48. Ke4 h4 49. Rb3 Rc4+ 50. Kf5 g4 51. Kg5 g3 52. Rf3 g2 0-1

[Event "OP-2012-0-02396"]
[Site "LSS email"]
[Date "2012.09.10"]
[Round "?"]
[White "Hargreaves, John Richard"]
[Black "Gumustas, Ilgaz"]
[Result "0-1"]
[WhiteElo "1305"]
[BlackElo "1829"]
[PlyCount "60"]
[EventDate "2012.09.06"]
[EventType "tourn (corr)"]
[EventRounds "4"]
[EventCountry "GER"]
[SourceTitle "Telechess CBM 159"]
[Source "ChessBase"]
[SourceDate "2014.03.17"]
[SourceVersion "1"]
[SourceVersionDate "2014.03.17"]
[SourceQuality "1"]

1. Nf3 Nf6 2. c4 d6 3. d4 g6 4. g3 Bg7 5. Bg2 0-0 6. 0-0 c6 7. Nc3 Nbd7 8. Bf4 Nh5 9. Be3 e5 10. d5 c5 11. Bd2 f5 12. Ng5 Ndf6 13. Ne6 Bxe6 14. dxe6 Qe7 15. Qb3 Qxe6 16. Rfd1 e4 17. a4 Ng4 18. Nd5 Rf7 19. Bg5 Bd4 20. Rf1 Raf8 21. Rae1 h6 22. Bd2 g5 23. e3 Bg7 24. f4 Qg6 25. Rc1 gxf4 26. gxf4 Kh7 27. Ba5 Rg8 28. Rc2 Nhf6 29. Re1 Nxd5 30. cxd5 Qh5 0-1

[Event "ZI-2012-0-01379"]
[Site "LSS email"]
[Date "2012.09.09"]
[Round "?"]
[White "Gumustas, Ilgaz"]
[Black "Zaitseva, Viktoriya"]
[Result "1/2-1/2"]
[WhiteElo "1829"]
[BlackElo "1719"]
[PlyCount "61"]
[EventDate "2012.09.03"]
[EventType "match (corr)"]
[EventRounds "2"]
[EventCountry "GER"]
[SourceTitle "Telechess CBM 165"]
[Source "ChessBase"]
[SourceDate "2015.03.11"]
[SourceVersion "1"]
[SourceVersionDate "2015.03.11"]
[SourceQuality "1"]

1. e4 d6 2. d4 g6 3. Nf3 Bg7 4. Be2 Nf6 5. Nc3 0-0 6. 0-0 c5 7. d5 Na6 8. h3 Nc7 9. a4 Na6 10. Re1 Nb4 11. Bf4 b6 12. Bc4 Bb7 13. a5 bxa5 14. Nb1 Nd7 15. c3 Na6 16. Nbd2 Nb6 17. Rxa5 Nc7 18. Ba2 e6 19. dxe6 Nxe6 20. Bxe6 fxe6 21. Bg5 Qc7 22. Qa1 a6 23. Qa3 Nd7 24. Nc4 Rae8 25. Bh4 Nb6 26. Nxb6 Qxb6 27. Bg3 Rc8 28. Rd1 Rfd8 29. Qa2 d5 30. exd5 Bxd5 31. Qa3 1/2-1/2

[Event "OP-2012-0-02353"]
[Site "LSS email"]
[Date "2012.08.13"]
[Round "?"]
[White "Lauer, Fredric"]
[Black "Gumustas, Ilgaz"]
[Result "0-1"]
[WhiteElo "1033"]
[BlackElo "1829"]
[PlyCount "54"]
[EventDate "2012.08.10"]
[EventType "tourn (corr)"]
[EventRounds "4"]
[EventCountry "GER"]
[SourceTitle "Telechess CBM 153"]
[Source "ChessBase"]
[SourceDate "2013.03.14"]
[SourceVersion "1"]
[SourceVersionDate "2013.03.14"]
[SourceQuality "1"]

1. e4 d6 2. d4 Nf6 3. Nc3 g6 4. f4 Bg7 5. e5 dxe5 6. dxe5 Qxd1+ 7. Kxd1 Ng4 8. Nd5 Kd8 9. Ke1 Be6 10. Ne3 f6 11. Nxg4 Bxg4 12. exf6 exf6 13. h3 Re8+ 14. Kf2 Be6 15. Nf3 f5 16. Bd3 Nd7 17. c3 c6 18. Be3 Kc7 19. Ng5 Bg8 20. Rhe1 Nb6 21. Bxb6+ Kxb6 22. a3 Red8 23. Rad1 Bb3 24. Rd2 Rd7 25. Ree2 Rad8 26. Ke3 Bf8 27. Bb1 Bc5+ 0-1

[Event "TUR-ch op"]
[Site "Antalya"]
[Date "2008.02.10"]
[Round "11.37"]
[White "Gumustas, Ilgaz"]
[Black "Aslanhan, Halis"]
[Result "1-0"]
[WhiteElo "1758"]
[BlackElo "1273"]
[PlyCount "53"]
[EventDate "2008.02.04"]
[EventType "swiss"]
[EventRounds "11"]
[EventCountry "TUR"]
[SourceTitle "CBM 122 Extra"]
[Source "ChessBase"]
[SourceDate "2008.03.04"]
[SourceVersion "1"]
[SourceVersionDate "2008.03.04"]
[SourceQuality "1"]

1. e4 e5 2. Nf3 Nf6 3. Nxe5 d6 4. Nf3 Nxe4 5. d4 d5 6. Bd3 Nc6 7. 0-0 Be6 8. Re1 f5 9. Ng5 Nxg5 10. Bxg5 Qxg5 11. Rxe6+ Kf7 12. Re1 Bd6 13. Qf3 Ne7 14. c4 c6 15. cxd5 cxd5 16. Nc3 Rhd8 17. Nxd5 Bxh2+ 18. Kxh2 Nxd5 19. Bc4 Qh4+ 20. Kg1 Qxd4 21. b3 Kg8 22. Rad1 Qf6 23. Rxd5 Rxd5 24. Qxd5+ Kh8 25. Qxb7 Rf8 26. Qxa7 f4 27. Qe7 1-0

[Event "TUR-ch op"]
[Site "Antalya"]
[Date "2008.02.06"]
[Round "5.27"]
[White "Gumustas, Ilgaz"]
[Black "Sipahioglu, Irmak"]
[Result "1/2-1/2"]
[WhiteElo "1758"]
[BlackElo "2019"]
[PlyCount "72"]
[EventDate "2008.02.04"]
[EventType "swiss"]
[EventRounds "11"]
[EventCountry "TUR"]
[SourceTitle "CBM 122 Extra"]
[Source "ChessBase"]
[SourceDate "2008.03.04"]
[SourceVersion "1"]
[SourceVersionDate "2008.03.04"]
[SourceQuality "1"]

1. e4 e6 2. d4 d5 3. Nc3 Bb4 4. e5 b6 5. Qg4 Bf8 6. a4 Ba6 7. Nb5 Qd7 8. Bd3 f5 9. Qh5+ g6 10. Qe2 c6 11. Nd6+ Bxd6 12. Bxa6 Bb4+ 13. c3 Nxa6 14. Qxa6 Be7 15. Nf3 Qc8 16. Qd3 c5 17. c4 Qa6 18. b3 dxc4 19. bxc4 Rd8 20. 0-0 cxd4 21. Nxd4 Kf7 22. Qc3 Bc5 23. Nb5 Ne7 24. Ba3 Nc8 25. Bxc5 bxc5 26. Qe3 Qc6 27. Rfd1 a6 28. Qg5 Rxd1+ 29. Rxd1 Re8 30. Nd6+ Nxd6 31. Rxd6 Qe4 32. Qf6+ Kg8 33. g3 Qe1+ 34. Kg2 Qe4+ 35. Kh3 Qg4+ 36. Kg2 Qe4+ 1/2-1/2

[Event "Izmir op 5th"]
[Site "Izmir"]
[Date "2006.08.19"]
[Round "10"]
[White "Gumustas, Ilgaz"]
[Black "Umudova, Nargiz"]
[Result "0-1"]
[WhiteElo "1750"]
[BlackElo "2202"]
[PlyCount "100"]
[EventDate "2006.09.10"]
[EventType "swiss"]
[EventRounds "10"]
[EventCountry "TUR"]
[SourceTitle "EXT 2007"]
[Source "ChessBase"]
[SourceDate "2006.11.23"]
[SourceVersion "1"]
[SourceVersionDate "2006.11.23"]
[SourceQuality "1"]

1. e4 c5 2. Nf3 Nc6 3. d4 cxd4 4. Nxd4 Nf6 5. Nc3 e5 6. Ndb5 d6 7. Bg5 a6 8. Na3 b5 9. Nd5 Be7 10. Bxf6 Bxf6 11. g3 0-0 12. Bg2 Bg5 13. 0-0 Be6 14. c3 Ne7 15. Nxe7+ Bxe7 16. Nc2 Rc8 17. Nb4 a5 18. Nd5 Rc5 19. Nxe7+ Qxe7 20. Qd2 Rd8 21. Rfd1 Qc7 22. a3 Bb3 23. Re1 g6 24. h4 Qe7 25. Bf3 Qf6 26. Qg5 Kg7 27. Bd1 Be6 28. Qxf6+ Kxf6 29. Bf3 Ke7 30. Rad1 f5 31. h5 Kf6 32. hxg6 hxg6 33. Rd2 Bb3 34. Kg2 d5 35. Bd1 a4 36. Bxb3 axb3 37. exd5 Rcxd5 38. Rxd5 Rxd5 39. Re2 Rd1 40. Kf3 e4+ 41. Kg2 g5 42. g4 Ke5 43. gxf5 Kxf5 44. f3 e3 45. Kg3 Rd3 46. Re1 Kf6 47. Kg4 Rd2 48. Rxe3 Rxb2 49. Re4 Rb1 50. Rb4 b2 0-1